[Event "Villahermosa Mexican op (Women)"]
[Site "Villahermosa"]
[Date "2021.08.08"]
[Round "7"]
[White "Ruiz Villalba, Andrea"]
[Black "Real Pereyra, Diana Carime"]
[Result "0-1"]
[WhiteElo "1741"]
[BlackElo "2042"]
[PlyCount "48"]
[EventDate "2021.08.05"]
[EventType "swiss"]
[EventRounds "9"]
[EventCountry "MEX"]
[SourceTitle "EXT 2022"]
[Source "ChessBase"]
[SourceDate "2021.10.06"]
[SourceVersion "1"]
[SourceVersionDate "2021.10.06"]
[SourceQuality "1"]

1. e4 c5 2. Nf3 d6 3. c3 Nf6 4. h3 Nc6 5. Bd3 e5 6. 0-0 g5 7. Bb5 g4 8. hxg4 Bxg4 9. d4 cxd4 10. cxd4 Nd7 11. dxe5 Ndxe5 12. Be2 Rg8 13. Nxe5 Nxe5 14. Bf4 Bxe2 15. Qxe2 Qf6 16. Bg3 Be7 17. Nc3 Kf8 18. Nd5 Qg5 19. Ne3 Bd8 20. Nf5 Bb6 21. Kh1 Rg6 22. Rae1 Ng4 23. Nxd6 Qh5+ 24. Kg1 Rh6 0-1

[Event "Villahermosa Mexican op (Women)"]
[Site "Villahermosa"]
[Date "2021.08.06"]
[Round "4"]
[White "Real Pereyra, Diana Carime"]
[Black "Carreras Mendiolea, Paulina Adriana"]
[Result "1-0"]
[WhiteElo "2042"]
[BlackElo "1792"]
[PlyCount "67"]
[EventDate "2021.08.05"]
[EventType "swiss"]
[EventRounds "9"]
[EventCountry "MEX"]
[SourceTitle "EXT 2022"]
[Source "ChessBase"]
[SourceDate "2021.10.06"]
[SourceVersion "1"]
[SourceVersionDate "2021.10.06"]
[SourceQuality "1"]

1. e4 c5 2. Nc3 a6 3. Nf3 d6 4. d4 cxd4 5. Nxd4 Nf6 6. Bc4 e6 7. Bb3 Nbd7 8. Bg5 Be7 9. Bxe6 Qa5 10. Bxd7+ Bxd7 11. Qd2 b5 12. Nb3 Qb6 13. Bxf6 Bxf6 14. Nd5 Qd8 15. Nxf6+ Qxf6 16. 0-0-0 0-0 17. Qxd6 Be6 18. Qg3 b4 19. e5 Qe7 20. Nd4 Bd7 21. f4 Rfc8 22. Rhe1 a5 23. e6 Ba4 24. Rd2 Ra7 25. Kb1 Rac7 26. Qe3 Kh8 27. b3 Be8 28. exf7 Qxf7 29. Qe6 Qf8 30. Qe5 Rc5 31. Qe7 Qg8 32. Ne6 Rc3 33. Nxg7 Bg6 34. Ne6 1-0

[Event "FISU World University"]
[Site "Tornelo INT"]
[Date "2020.10.26"]
[Round "1.36"]
[White "Real Pereyra, Diana Carime"]
[Black "Barmagambetov, Sagynysh"]
[Result "1-0"]
[WhiteElo "2042"]
[BlackElo "1776"]
[PlyCount "65"]
[EventDate "2020.10.26"]
[EventType "team-swiss (rapid)"]
[EventRounds "9"]
[EventCountry "NET"]
[SourceTitle "CBM 199 Extra"]
[Source "ChessBase"]
[SourceDate "2021.01.31"]
[SourceVersion "1"]
[SourceVersionDate "2021.01.31"]
[SourceQuality "1"]
[WhiteTeam "Mexico"]
[BlackTeam "Kazakhstan III"]
[WhiteTeamCountry "MEX"]
[BlackTeamCountry "KAZ"]

1. e4 e6 2. d4 d5 3. Nc3 Nf6 4. e5 Nfd7 5. Nf3 a6 6. Bg5 Be7 7. h4 h6 8. Bxe7 Qxe7 9. Qd2 c5 10. 0-0-0 Nc6 11. dxc5 Nxc5 12. Qe3 0-0 13. Nd4 Bd7 14. f4 b5 15. Nf5 exf5 16. Nxd5 Qd8 17. Qxc5 Rb8 18. Rh3 Kh8 19. Qd6 Rb7 20. Rhd3 Qb8 21. Qxb8 Rfxb8 22. Kb1 Be6 23. Be2 Na5 24. Bf3 Rd7 25. Nb4 Rxd3 26. Rxd3 Nc4 27. Nxa6 Rb6 28. Nc7 Kh7 29. b3 Na5 30. Nxe6 Rxe6 31. Rd6 Re7 32. Ra6 Nb7 33. Ra7 1-0

[Event "Olympiad Women-43"]
[Site "Batumi"]
[Date "2018.10.03"]
[Round "9.3"]
[White "Real Pereyra, Diana Carime"]
[Black "Eshete, Ruth Leykun"]
[Result "1-0"]
[WhiteElo "2110"]
[BlackElo "1508"]
[PlyCount "103"]
[EventDate "2018.09.24"]
[EventType "team-swiss"]
[EventRounds "11"]
[EventCountry "GEO"]
[SourceTitle "EXT 2020"]
[Source "ChessBase"]
[SourceDate "2019.10.17"]
[SourceVersion "1"]
[SourceVersionDate "2019.10.17"]
[SourceQuality "1"]
[WhiteTeam "Mexico (W)"]
[BlackTeam "Ethiopia (W)"]
[WhiteTeamCountry "MEX"]
[BlackTeamCountry "ETH"]

1. e4 e5 2. Nf3 Nc6 3. Bb5 d6 4. 0-0 Bd7 5. c3 Nf6 6. Re1 Be7 7. d4 a6 8. Ba4 0-0 9. d5 Na7 10. Bc2 c6 11. Nxe5 dxe5 12. d6 Bg4 13. dxe7 Qxe7 14. Qd3 h6 15. Qg3 Kh7 16. Nd2 Bh5 17. Nc4 Rfe8 18. Ne3 Bg6 19. Nf5 Qe6 20. Qh4 Ng8 21. Bg5 f6 22. Be3 Nc8 23. Red1 Nce7 24. Nd6 Reb8 25. Bb3 Qd7 26. Nc4 Qe8 27. Nb6 Bf7 28. Bxf7 Qxf7 29. Nxa8 Rxa8 30. f3 Ng6 31. Qh3 Nf8 32. Rd6 Qc4 33. Qg3 Ne7 34. Qe1 Qf7 35. Qd1 f5 36. Rd8 Rxd8 37. Qxd8 Neg6 38. Qc8 fxe4 39. fxe4 Qc4 40. Qf5 Qe2 41. Qf2 Qc4 42. Qc2 Nd7 43. b3 Qe6 44. Re1 Nf6 45. Bc1 Qg4 46. h3 Qe6 47. Qd3 Nh5 48. Rf1 Nh4 49. Kh2 Qg6 50. g3 Nf4 51. Bxf4 exf4 52. gxh4 1-0

[Event "Olympiad Women-43"]
[Site "Batumi"]
[Date "2018.10.01"]
[Round "7.34"]
[White "Librelato, Kathie Goulart"]
[Black "Real Pereyra, Diana Carime"]
[Result "1-0"]
[WhiteElo "2110"]
[BlackElo "2110"]
[PlyCount "95"]
[EventDate "2018.09.24"]
[EventType "team-swiss"]
[EventRounds "11"]
[EventCountry "GEO"]
[SourceTitle "EXT 2020"]
[Source "ChessBase"]
[SourceDate "2019.10.17"]
[SourceVersion "1"]
[SourceVersionDate "2019.10.17"]
[SourceQuality "1"]
[WhiteTeam "Brazil (W)"]
[BlackTeam "Mexico (W)"]
[WhiteTeamCountry "BRA"]
[BlackTeamCountry "MEX"]

1. d4 Nf6 2. c4 c5 3. d5 d6 4. Nc3 g6 5. e4 Bg7 6. Nf3 0-0 7. Be2 e5 8. 0-0 Ne8 9. Ne1 f5 10. exf5 gxf5 11. f4 e4 12. Bd2 Rf6 13. Nc2 Rh6 14. Be1 a6 15. Rb1 Nd7 16. Qd2 b6 17. Bf2 Nf8 18. b4 Bf6 19. Rb3 Ra7 20. Rfb1 Rg7 21. bxc5 bxc5 22. Na4 Ng6 23. Rb8 Bh4 24. g3 Nxf4 25. Kh1 Nh3 26. Qxh6 Nxf2+ 27. Kg2 Bg5 28. Qe6+ Bxe6 29. Rxd8 Bxd8 30. dxe6 Nd3 31. Bxd3 exd3 32. Ne3 Re7 33. Nxf5 Rxe6 34. Nc3 Ba5 35. Nd5 Bb4 36. Rd1 Re2+ 37. Kf3 Rxa2 38. Rxd3 Rxh2 39. Re3 Kf8 40. Re7 Rh1 41. Nf4 Nf6 42. Ne6+ Kg8 43. Rg7+ Kh8 44. Nxd6 Rf1+ 45. Kg2 Nh5 46. Nf7+ Rxf7 47. Rxf7 h6 48. g4 1-0

[Event "Olympiad Women-43"]
[Site "Batumi"]
[Date "2018.09.24"]
[Round "1.54"]
[White "Felix, Tobi"]
[Black "Real Pereyra, Diana Carime"]
[Result "0-1"]
[WhiteElo "1468"]
[BlackElo "2110"]
[PlyCount "78"]
[EventDate "2018.09.24"]
[EventType "team-swiss"]
[EventRounds "11"]
[EventCountry "GEO"]
[SourceTitle "EXT 2020"]
[Source "ChessBase"]
[SourceDate "2019.10.17"]
[SourceVersion "1"]
[SourceVersionDate "2019.10.17"]
[SourceQuality "1"]
[WhiteTeam "Ghana (W)"]
[BlackTeam "Mexico (W)"]
[WhiteTeamCountry "GHA"]
[BlackTeamCountry "MEX"]

1. d4 c5 2. c3 Nf6 3. Bf4 g6 4. e3 Bg7 5. Nf3 0-0 6. Be2 d6 7. Nbd2 Nc6 8. 0-0 a6 9. Qc2 b5 10. Rfd1 Qb6 11. a3 Bb7 12. Nf1 c4 13. e4 Na5 14. Ng3 Nb3 15. Ra2 Rfe8 16. d5 Nd7 17. Be3 Qc7 18. Nd2 Ndc5 19. Bxc5 Nxc5 20. Nf3 h5 21. Ng5 h4 22. Nf1 Bh6 23. Qd2 Nxe4 24. Ne6 Nxd2 25. Nxc7 Nb3 26. Nxa8 Rxa8 27. Bf3 Bc8 28. Re1 Kf8 29. Bd1 Nc1 30. Ra1 Nd3 31. Re4 Nxb2 32. Rxh4 Bg7 33. Rc1 Bf6 34. Re4 Bf5 35. Re2 Nd3 36. Ra1 Bxc3 37. Raa2 Nc1 38. Ne3 Nxe2+ 39. Bxe2 Bb1 0-1

[Event "Olympiad Women-42"]
[Site "Baku"]
[Date "2016.09.06"]
[Round "5.1"]
[White "Ptacnikova, Lenka"]
[Black "Real Pereyra, Diana Carime"]
[Result "1-0"]
[WhiteElo "2159"]
[BlackElo "2136"]
[PlyCount "97"]
[EventDate "2016.09.02"]
[EventType "team-swiss"]
[EventRounds "11"]
[EventCountry "AZE"]
[SourceTitle "CBM 174 Extra"]
[Source "ChessBase"]
[SourceDate "2016.10.10"]
[SourceVersion "1"]
[SourceVersionDate "2016.10.10"]
[SourceQuality "1"]
[WhiteTeam "Iceland (W)"]
[BlackTeam "Mexico (W)"]
[WhiteTeamCountry "ISL"]
[BlackTeamCountry "MEX"]

1. e4 c5 2. Nf3 d6 3. d4 cxd4 4. Nxd4 Nf6 5. Nc3 Nc6 6. Bg5 Bd7 7. Qd2 Rc8 8. f4 h6 9. Bxf6 gxf6 10. Nf5 Qa5 11. Bd3 Nb4 12. a3 Nxd3+ 13. Qxd3 Qc5 14. 0-0-0 Qc4 15. Qe3 Qc5 16. Qd3 Qc4 17. Qf3 Rc5 18. Rd4 Qa6 19. Rhd1 Qc6 20. Qe2 Kd8 21. Nd5 Qc8 22. Ndxe7 Bxe7 23. Nxd6 Bxd6 24. Rxd6 Rc7 25. e5 Re8 26. Qh5 fxe5 27. Qh4+ Re7 28. Kb1 Rc6 29. fxe5 Ke8 30. Qxh6 Re6 31. Qh8+ Ke7 32. Qh4+ Ke8 33. Rxd7 Qxd7 34. Rxd7 Kxd7 35. Qd4+ Kc7 36. Qf4 Kb6 37. h4 Rc5 38. Qxf7 Rexe5 39. Qf6+ Kc7 40. Qf4 Kc6 41. g4 Re1+ 42. Ka2 a5 43. Qf3+ Kb6 44. Qf2 Re4 45. g5 Rec4 46. c3 Kb5 47. g6 Rc7 48. h5 R4c6 49. h6 1-0

[Event "Olympiad Women-42"]
[Site "Baku"]
[Date "2016.09.05"]
[Round "4.31"]
[White "Gomez Barrera, Javiera Belen"]
[Black "Real Pereyra, Diana Carime"]
[Result "0-1"]
[WhiteElo "2027"]
[BlackElo "2136"]
[PlyCount "129"]
[EventDate "2016.09.02"]
[EventType "team-swiss"]
[EventRounds "11"]
[EventCountry "AZE"]
[SourceTitle "CBM 174 Extra"]
[Source "ChessBase"]
[SourceDate "2016.10.10"]
[SourceVersion "1"]
[SourceVersionDate "2016.10.10"]
[SourceQuality "1"]
[WhiteTeam "Chile (W)"]
[BlackTeam "Mexico (W)"]
[WhiteTeamCountry "CHI"]
[BlackTeamCountry "MEX"]

1. e4 c5 2. Nf3 d6 3. d4 cxd4 4. Nxd4 Nf6 5. Nc3 Nc6 6. Bg5 Bd7 7. Qd2 Rc8 8. f4 Ng4 9. h3 Qb6 10. 0-0-0 Qxd4 11. Qxd4 Nxd4 12. Rxd4 Ne3 13. f5 Nxf1 14. Rxf1 h6 15. Be3 Bc6 16. Rd2 a6 17. Nd5 Bb5 18. Rff2 Rc4 19. Rd4 Rxd4 20. Bxd4 Bc6 21. c4 Rg8 22. Kd2 g6 23. f6 e6 24. Nc3 b5 25. cxb5 axb5 26. b4 Kd7 27. Re2 h5 28. a4 Bh6+ 29. Kd3 Rb8 30. axb5 Rxb5 31. Kc4 Rb8 32. b5 Bb7 33. Kd3 e5 34. Be3 Bxe3 35. Kxe3 Ke6 36. Rf2 Ra8 37. Kd3 Ra3 38. Kc4 Ra1 39. Rd2 Re1 40. b6 Ra1 41. Kb4 Bc6 42. Kc4 Rc1 43. Kb3 Ra1 44. Nd5 Kd7 45. Rb2 Ra5 46. Nc3 Bb7 47. Kc2 Kc6 48. Nd5 Rb5 49. Ra2 Kc5 50. Nc3 Rb4 51. Na4+ Kb5 52. Nc3+ Kxb6 53. Kd3 Ba6+ 54. Ke3 Rb3 55. Kd2 Kb7 56. Nd5 Bb5 57. Rc2 Bc6 58. Nc3 Rb6 59. Ra2 Ra6 60. Rb2+ Kc7 61. Rc2 Kd7 62. Ke3 Ke6 63. Rd2 Ra1 64. Kf2 Ra3 65. Rd3 0-1

[Event "Olympiad Women-41"]
[Site "Tromsoe"]
[Date "2014.08.11"]
[Round "9.3"]
[White "Real Pereyra, Diana Carime"]
[Black "Isgandarova, Khayala Ilqar Qizi"]
[Result "0-1"]
[WhiteElo "2061"]
[BlackElo "2190"]
[PlyCount "56"]
[EventDate "2014.08.02"]
[EventType "team-swiss"]
[EventRounds "11"]
[EventCountry "NOR"]
[SourceTitle "CBM 162"]
[Source "ChessBase"]
[SourceDate "2014.09.17"]
[SourceVersion "1"]
[SourceVersionDate "2014.09.17"]
[SourceQuality "1"]
[WhiteTeam "Mexico (W)"]
[BlackTeam "Turkey (W)"]
[WhiteTeamCountry "MEX"]
[BlackTeamCountry "TUR"]

1. d4 Nf6 2. c4 g6 3. Nc3 Bg7 4. e4 d6 5. Be2 0-0 6. Bg5 c5 7. d5 Qa5 8. Bd2 e5 9. h3 Qd8 10. g4 a6 11. a4 Ne8 12. Nf3 f5 13. gxf5 gxf5 14. exf5 Bxf5 15. Ng5 h6 16. Ne6 Bxe6 17. dxe6 Qf6 18. Be3 Nc6 19. Bg4 Qh4 20. Nd5 e4 21. Nf4 Ne5 22. Rg1 Rxf4 23. Bxf4 Nd3+ 24. Kd2 Qxf2+ 25. Qe2 Qxf4+ 26. Kc2 Qe5 27. Rab1 Nxb2 28. Qe1 b5 0-1

[Event "Olympiad Women-41"]
[Site "Tromsoe"]
[Date "2014.08.10"]
[Round "8.3"]
[White "Real Pereyra, Diana Carime"]
[Black "Rodsmoen, Maud"]
[Result "1-0"]
[WhiteElo "2061"]
[BlackElo "1805"]
[PlyCount "85"]
[EventDate "2014.08.02"]
[EventType "team-swiss"]
[EventRounds "11"]
[EventCountry "NOR"]
[SourceTitle "CBM 162"]
[Source "ChessBase"]
[SourceDate "2014.09.17"]
[SourceVersion "1"]
[SourceVersionDate "2014.09.17"]
[SourceQuality "1"]
[WhiteTeam "Mexico (W)"]
[BlackTeam "Norway (W) III"]
[WhiteTeamCountry "MEX"]
[BlackTeamCountry "NOR"]

1. d4 Nf6 2. c4 g6 3. Nc3 Bg7 4. e4 d6 5. Be2 0-0 6. Bg5 Na6 7. f4 c6 8. Nf3 Nc7 9. 0-0 Ne6 10. Qd2 Nxg5 11. Nxg5 h6 12. Nf3 d5 13. e5 Ne4 14. Qe3 Nxc3 15. bxc3 Be6 16. Nd2 Rc8 17. c5 b5 18. a4 a6 19. axb5 axb5 20. Ra6 Qd7 21. Rfa1 Rc7 22. Nb3 Qc8 23. Qd2 f6 24. Nc1 g5 25. fxg5 hxg5 26. exf6 exf6 27. Nd3 Bh6 28. Nb4 Kg7 29. Qe3 Re8 30. Qg3 Bf7 31. Bg4 f5 32. Bxf5 Qxf5 33. Qxc7 g4 34. R6a2 Bf4 35. Qxc6 Rh8 36. h3 Be3+ 37. Kh2 Qf4+ 38. Kh1 gxh3 39. g3 Qxg3 40. Rf1 Qg4 41. Rxf7+ Kxf7 42. Ra7+ Kf8 43. Qa8+ 1-0

[Event "Olympiad Women-41"]
[Site "Tromsoe"]
[Date "2014.08.05"]
[Round "4.3"]
[White "Real Pereyra, Diana Carime"]
[Black "Gueci, Tea"]
[Result "1-0"]
[WhiteElo "2061"]
[BlackElo "2074"]
[PlyCount "73"]
[EventDate "2014.08.02"]
[EventType "team-swiss"]
[EventRounds "11"]
[EventCountry "NOR"]
[SourceTitle "CBM 162"]
[Source "ChessBase"]
[SourceDate "2014.09.17"]
[SourceVersion "1"]
[SourceVersionDate "2014.09.17"]
[SourceQuality "1"]
[WhiteTeam "Mexico (W)"]
[BlackTeam "Italy (W)"]
[WhiteTeamCountry "MEX"]
[BlackTeamCountry "ITA"]

1. d4 g6 2. e4 Bg7 3. Nc3 d6 4. Nf3 Nf6 5. Bc4 0-0 6. Qe2 c6 7. e5 dxe5 8. dxe5 Nd5 9. Bd2 Be6 10. h3 Nd7 11. 0-0 Qc7 12. Rfe1 N7b6 13. Bd3 Rad8 14. Ng5 Nxc3 15. Bxc3 Qc8 16. Nxe6 Qxe6 17. Qe4 Nd5 18. Bd2 f6 19. exf6 Qxe4 20. Rxe4 exf6 21. Re2 f5 22. Rb1 Rd7 23. Ree1 a6 24. Be2 Re8 25. Kf1 Rde7 26. c3 Nf6 27. Bc4+ Kf8 28. Rxe7 Rxe7 29. Be3 Ke8 30. Bc5 Re5 31. Bd6 Re4 32. Bb3 Kd7 33. Rd1 Kc8 34. f3 Re8 35. Bf7 Rh8 36. Be6+ Kd8 37. Bf8+ 1-0

[Event "Barcelona Sant Marti op-A 15th"]
[Site "Barcelona"]
[Date "2013.07.19"]
[Round "7"]
[White "Real Pereyra, Diana Carime"]
[Black "Cervello Tost, Roger"]
[Result "1/2-1/2"]
[WhiteElo "2076"]
[BlackElo "1954"]
[PlyCount "70"]
[EventDate "2013.07.13"]
[EventType "swiss"]
[EventRounds "9"]
[EventCountry "ESP"]
[SourceTitle "CBM 155 Extra"]
[Source "ChessBase"]
[SourceDate "2013.08.26"]
[SourceVersion "1"]
[SourceVersionDate "2013.08.26"]
[SourceQuality "1"]

1. e4 e5 2. Nc3 Nf6 3. Bc4 Bc5 4. d3 Nc6 5. f4 d6 6. Nf3 Bg4 7. Na4 Bb6 8. Nxb6 axb6 9. c3 exf4 10. Bxf4 Qd7 11. Bb5 Qe6 12. 0-0 Rxa2 13. d4 Bxf3 14. Rxf3 Rxa1 15. Qxa1 0-0 16. d5 Qxe4 17. dxc6 bxc6 18. Bd3 Qd5 19. b4 c5 20. c4 Ra8 21. Qb2 Qe6 22. Bd2 Ng4 23. Rg3 b5 24. Qb1 Qf6 25. Bc3 Qh4 26. Rh3 Qf2+ 27. Kh1 cxb4 28. Bxh7+ Kf8 29. Rf3 Qh4 30. Rxf7+ Kxf7 31. Qg6+ Ke7 32. Qe4+ Kd8 33. Qxa8+ Ke7 34. Qe4+ Kd8 35. Qa8+ Ke7 1/2-1/2

[Event "Barcelona Sant Marti op-A 15th"]
[Site "Barcelona"]
[Date "2013.07.18"]
[Round "6"]
[White "Barragan Hernandez, Manel"]
[Black "Real Pereyra, Diana Carime"]
[Result "1/2-1/2"]
[WhiteElo "1889"]
[BlackElo "2076"]
[PlyCount "150"]
[EventDate "2013.07.13"]
[EventType "swiss"]
[EventRounds "9"]
[EventCountry "ESP"]
[SourceTitle "CBM 155 Extra"]
[Source "ChessBase"]
[SourceDate "2013.08.26"]
[SourceVersion "1"]
[SourceVersionDate "2013.08.26"]
[SourceQuality "1"]

1. c4 e5 2. Nc3 Nf6 3. Nf3 Nc6 4. g3 d5 5. cxd5 Nxd5 6. Bg2 Nf6 7. 0-0 h6 8. d3 Bc5 9. a3 0-0 10. b4 Bb6 11. b5 Nd4 12. e3 Ba5 13. Bb2 Nxf3+ 14. Bxf3 a6 15. a4 Re8 16. Qc2 Rb8 17. Rfe1 Qe7 18. Ba3 Qe6 19. Rab1 Bd7 20. Ne4 Nxe4 21. Bxe4 axb5 22. axb5 f5 23. Bg2 Kh8 24. Qc4 Qg6 25. Bc5 Be6 26. Qa4 b6 27. Bc6 Rec8 28. Be7 Qf7 29. Qh4 Bb3 30. Rec1 Bd2 31. Rf1 Qe6 32. d4 Bd5 33. Bxd5 Qxd5 34. Rfd1 Bc3 35. dxe5 Qxe5 36. Rd7 Ra8 37. Bg5 Qe6 38. Re7 Qg6 39. Bf4 Bf6 40. Re6 Qf7 41. Rxf6 Qxf6 42. Qxf6 gxf6 43. Bxh6 Ra5 44. Bf4 Kg7 45. h4 Kf7 46. Kg2 Kg6 47. Rb2 Ra4 48. f3 Rc4 49. g4 fxg4 50. fxg4 f5 51. h5+ Kf7 52. gxf5 Rg8+ 53. Kf3 Kf6 54. e4 Rc3+ 55. Be3 Re8 56. Rb4 Rd8 57. Kf4 Kf7 58. e5 Rdd3 59. e6+ Ke7 60. Bd4 Rc1 61. h6 Rh1 62. Ke5 Re1+ 63. Kd5 Rf1 64. h7 Rxf5+ 65. Ke4 Rh5 66. Kxd3 Rxh7 67. Rc4 Kxe6 68. Rc6+ Kd5 69. Be3 Ke5 70. Bf2 Rd7+ 71. Kc4 Ke4 72. Bg1 Rd1 73. Bh2 Rc1+ 74. Kb4 Rb1+ 75. Kc4 Rc1+ 1/2-1/2

[Event "Barcelona Sant Marti op-A 15th"]
[Site "Barcelona"]
[Date "2013.07.15"]
[Round "3"]
[White "Getz, Nicolai"]
[Black "Real Pereyra, Diana Carime"]
[Result "1-0"]
[WhiteElo "2353"]
[BlackElo "2076"]
[PlyCount "79"]
[EventDate "2013.07.13"]
[EventType "swiss"]
[EventRounds "9"]
[EventCountry "ESP"]
[SourceTitle "CBM 155 Extra"]
[Source "ChessBase"]
[SourceDate "2013.08.26"]
[SourceVersion "1"]
[SourceVersionDate "2013.08.26"]
[SourceQuality "1"]

1. e4 c5 2. d3 Nc6 3. f4 e6 4. Nf3 d5 5. Be2 Nf6 6. Nbd2 Be7 7. 0-0 Ng4 8. Nb1 Nf6 9. e5 Nd7 10. c4 0-0 11. Nc3 d4 12. Ne4 f5 13. Nf2 a6 14. b3 b5 15. h3 Qe8 16. h4 h6 17. Nh3 Bb7 18. Qe1 h5 19. Nhg5 Nd8 20. Bd2 g6 21. a3 bxc4 22. bxc4 Bxg5 23. Nxg5 Nf7 24. Rb1 Rb8 25. Qg3 Kh8 26. Ba5 Ba8 27. Rxb8 Nxb8 28. Bc7 Qe7 29. Nxf7+ Qxf7 30. Bd6 Re8 31. Bxc5 Nc6 32. Rb1 Kh7 33. Bd6 Qd7 34. Qg5 Qf7 35. Bf3 Rc8 36. Rb6 a5 37. Kh2 Bb7 38. Qf6 Qd7 39. Rxb7 Qxb7 40. Qxe6 1-0

[Event "Forni di Sopra op 4th"]
[Site "Forni di Sopra"]
[Date "2013.06.16"]
[Round "2"]
[White "Thingstad, Even"]
[Black "Real Pereyra, Diana Carime"]
[Result "0-1"]
[WhiteElo "2274"]
[BlackElo "2062"]
[PlyCount "116"]
[EventDate "2013.06.15"]
[EventType "swiss"]
[EventRounds "9"]
[EventCountry "ITA"]
[SourceTitle "CBM 155 Extra"]
[Source "ChessBase"]
[SourceDate "2013.08.26"]
[SourceVersion "1"]
[SourceVersionDate "2013.08.26"]
[SourceQuality "1"]

1. d4 Nf6 2. c4 g6 3. Nc3 Bg7 4. e4 d6 5. Be3 Ng4 6. Bg5 c5 7. d5 Bd4 8. Bh4 Qa5 9. Qd2 g5 10. Bg3 h5 11. h4 gxh4 12. Bxh4 Nd7 13. Nge2 Bg7 14. f3 Nge5 15. Ng3 Nb6 16. Qg5 Ng6 17. Qd2 Be5 18. Nge2 Nxc4 19. Qc1 Nxh4 20. Rxh4 Bf6 21. Rh1 Bd7 22. Qc2 b5 23. Kf2 Nxb2 24. Qxb2 b4 25. Rc1 bxc3 26. Nxc3 Qb6 27. Qd2 Qb4 28. Bd3 Qd4+ 29. Ke2 c4 30. Bc2 Qxd2+ 31. Kxd2 Bg5+ 32. Ke2 Bxc1 33. Rxc1 Rb8 34. Rh1 Rb2 35. Kd1 e5 36. Kc1 Rb8 37. Rh4 Ke7 38. Ne2 Rbg8 39. g3 Rb8 40. Kd2 Rb2 41. Nc3 Rg8 42. Rxh5 Rxg3 43. Kc1 Rb8 44. Bd1 Rbg8 45. Be2 Rh3 46. Rxh3 Bxh3 47. Kd2 Rc8 48. a3 Bd7 49. Nd1 Ba4 50. Nc3 Bb3 51. Nb5 Ra8 52. Nc3 a6 53. Nb1 Kf6 54. Kc3 Rc8 55. Nd2 Kg5 56. Bxc4 Bxc4 57. Nxc4 Rxc4+ 58. Kxc4 Kf4 0-1

[Event "Wch U18 Girls"]
[Site "Maribor"]
[Date "2012.11.17"]
[Round "10.17"]
[White "Real Pereyra, Diana Carime"]
[Black "Krumova, Ani"]
[Result "1-0"]
[WhiteElo "2077"]
[BlackElo "2050"]
[PlyCount "61"]
[EventDate "2012.11.08"]
[EventType "swiss"]
[EventRounds "11"]
[EventCountry "SLO"]
[SourceTitle "EXT 2013"]
[Source "ChessBase"]
[SourceDate "2012.11.22"]
[SourceVersion "1"]
[SourceVersionDate "2012.11.22"]
[SourceQuality "1"]

1. Nc3 c5 2. e4 Nc6 3. Nf3 g6 4. Bc4 Bg7 5. 0-0 a6 6. a4 e6 7. Qe2 Nge7 8. e5 Qc7 9. Re1 Nd4 10. Nxd4 cxd4 11. Nd1 0-0 12. b3 d6 13. f4 dxe5 14. fxe5 Nc6 15. Ba3 Bxe5 16. Bxf8 Bxh2+ 17. Kh1 Kxf8 18. Rf1 Be5 19. Qf3 Bg7 20. Nb2 Ne5 21. Qf4 Qe7 22. Rae1 g5 23. Qh2 Ng6 24. Qxh7 Bf6 25. Rf2 b6 26. Ref1 Nf4 27. g3 Bb7+ 28. Kg1 d3 29. Nxd3 Nxd3 30. Rxf6 Qc5+ 31. Kh2 1-0

[Event "Wch U18 Girls"]
[Site "Maribor"]
[Date "2012.11.15"]
[Round "8.14"]
[White "Real Pereyra, Diana Carime"]
[Black "Anilkumar, Akshaya"]
[Result "1/2-1/2"]
[WhiteElo "2077"]
[BlackElo "1999"]
[PlyCount "94"]
[EventDate "2012.11.08"]
[EventType "swiss"]
[EventRounds "11"]
[EventCountry "SLO"]
[SourceTitle "EXT 2013"]
[Source "ChessBase"]
[SourceDate "2012.11.22"]
[SourceVersion "1"]
[SourceVersionDate "2012.11.22"]
[SourceQuality "1"]

1. e4 e5 2. Bc4 Nc6 3. Nc3 Nf6 4. d3 d6 5. f4 Na5 6. f5 Nxc4 7. dxc4 c6 8. Qf3 Qb6 9. Nge2 Bd7 10. b3 0-0-0 11. g4 d5 12. cxd5 cxd5 13. Nxd5 Nxd5 14. exd5 Bb4+ 15. c3 Bc5 16. b4 Bd6 17. Qe4 Bb5 18. c4 Bxb4+ 19. Kf1 Ba6 20. Rb1 Qa5 21. Be3 Bc5 22. Kf2 f6 23. Rhc1 Kb8 24. Rc2 Rd7 25. Nc1 Bxe3+ 26. Qxe3 Rc8 27. Nb3 Qa4 28. Rcb2 Qxc4 29. Rc1 Qb4 30. Rxc8+ Kxc8 31. Rc2+ Rc7 32. Rxc7+ Kxc7 33. Qxa7 Qb6+ 34. Qxb6+ Kxb6 35. d6 Kc6 36. d7 Kxd7 37. Nc5+ Kd6 38. Ne4+ Kd5 39. Ke3 b6 40. Ng3 Bc4 41. a3 Kc5 42. Nh5 Bf7 43. Nxg7 Kd5 44. h4 Kd6 45. Ke4 Bd5+ 46. Ke3 Bf7 47. Ke4 Bd5+ 1/2-1/2

[Event "Wch U18 Girls"]
[Site "Maribor"]
[Date "2012.11.12"]
[Round "6.19"]
[White "Real Pereyra, Diana Carime"]
[Black "Papathanasiou, Elisavet"]
[Result "1-0"]
[WhiteElo "2077"]
[BlackElo "1908"]
[PlyCount "57"]
[EventDate "2012.11.08"]
[EventType "swiss"]
[EventRounds "11"]
[EventCountry "SLO"]
[SourceTitle "EXT 2013"]
[Source "ChessBase"]
[SourceDate "2012.11.22"]
[SourceVersion "1"]
[SourceVersionDate "2012.11.22"]
[SourceQuality "1"]

1. e4 c5 2. Nf3 d6 3. d4 cxd4 4. Nxd4 Nf6 5. Nc3 Nc6 6. Bg5 Qb6 7. Nb3 e6 8. Be2 Be7 9. Qd2 0-0 10. 0-0 Rd8 11. Be3 Qc7 12. f4 a6 13. a4 b6 14. Bf3 Bb7 15. Qf2 Nd7 16. g4 Nb4 17. g5 d5 18. e5 Rac8 19. Nd4 Nc5 20. Nce2 Nxc2 21. Nxc2 Nd3 22. Qh4 Qxc2 23. Nd4 Qc7 24. Bg4 Bc5 25. Rf3 Bxd4 26. Bxd4 Qc2 27. g6 fxg6 28. Bxe6+ Kh8 29. Qxh7+ 1-0

[Event "Wch U18 Girls"]
[Site "Maribor"]
[Date "2012.11.10"]
[Round "3.10"]
[White "Nguyen, Thi Mai Hung"]
[Black "Real Pereyra, Diana Carime"]
[Result "1-0"]
[WhiteElo "2269"]
[BlackElo "2077"]
[PlyCount "55"]
[EventDate "2012.11.08"]
[EventType "swiss"]
[EventRounds "11"]
[EventCountry "SLO"]
[SourceTitle "EXT 2013"]
[Source "ChessBase"]
[SourceDate "2012.11.22"]
[SourceVersion "1"]
[SourceVersionDate "2012.11.22"]
[SourceQuality "1"]

1. d4 c5 2. e3 d5 3. Nf3 Nc6 4. c4 e6 5. Nc3 Nf6 6. cxd5 exd5 7. Be2 Be6 8. 0-0 a6 9. b3 Be7 10. Bb2 0-0 11. Rc1 cxd4 12. Nxd4 Rc8 13. Na4 Na7 14. Nxe6 fxe6 15. Qd4 Nc6 16. Qb6 Rc7 17. Nc5 Nd7 18. Nxd7 Qxd7 19. Rfd1 Bd6 20. g3 Rfc8 21. Bg4 Ne7 22. Rxc7 Rxc7 23. e4 Nc8 24. Qd4 Qe7 25. exd5 e5 26. Qe4 Nb6 27. Be6+ Kh8 28. Bxe5 1-0